| 000 | 00809nac a22002771u 4500 | ||
|---|---|---|---|
| 999 |
_c371 _d371 |
||
| 003 | EG-ScBUE | ||
| 005 | 20210314095909.0 | ||
| 008 | 200219s1999 enk f 000 1 eng d | ||
| 020 | _a0099759918 | ||
| 020 | _a9780099759911 | ||
| 040 |
_aEG-ScBUE _beng _erda _cEG-ScBUE _dEG-ScBUE |
||
| 043 | _an-us-oh | ||
| 082 | 0 | 4 |
_a813.54 _bMOR _222 |
| 100 | 1 |
_aMorrison, Toni, _eauthor. |
|
| 245 | 1 | 4 |
_aThe bluest eye / _cToni Morrison. |
| 264 | 1 |
_aLondon : _bVintage Books, _c1999. |
|
| 300 |
_a172 pages ; _c24 cm |
||
| 336 |
_2rdacontent _atext _btxt |
||
| 337 |
_2rdamedia _aunmediated _bn |
||
| 338 |
_2rdacarrier _avolume _bnc |
||
| 650 | 7 |
_aAfrican Americans _zOhio _vFiction. _2BUEsh |
|
| 651 | _2BUEsh | ||
| 653 |
_bHHUUEENN _cMarch2021 |
||
| 655 |
_vReading book _934232 |
||
| 942 |
_cBB _k823M8781 _2ddc |
||